| 000 | 00519nam a2200193 a 4500 | ||
|---|---|---|---|
| 001 | 1945 | ||
| 003 | CDMR | ||
| 005 | 20131209160052.0 | ||
| 008 | 130130s1970||||||||||||||||||||||||||||d | ||
| 040 |
_aCDMR _bcat _cCDMR |
||
| 245 | 0 | 3 |
_aLa comunicación _cOtto Walter Haseloff |
| 260 |
_aCaracas _c1970 _bTiempo Nuevo |
||
| 300 | _a237 p. | ||
| 490 | 0 | _aMonografías (Tiempo Nuevo) | |
| 650 | 0 | 4 |
_92194 _aInformació, Teoria de la |
| 650 | 0 | 4 |
_94470 _aComunicació |
| 700 | 1 |
_91449 _aHaseloff, Otto Walker |
|
| 942 |
_cMON _2udc |
||
| 999 |
_c1945 _d1945 |
||